000 00749cam a2200229 i 4500
999 _c114763
_d114763
001 18734309
005 20191123100308.0
008 150807s2015 nyua b 001 0 eng
020 _a9781616893903 (paperback)
040 _cPK-LaUMT
082 0 0 _a711.4
_223
_bMAR-C
100 1 _aMarcinkoski, Christopher
245 1 4 _aThe city that never was /
_cby Christopher Marcinkoski
260 _aNew York :
_bPrinceton Architectural Press,
_c2015
300 _a256 p. :
_bcolor illustrations ;
_c28 cm
650 0 _aReal estate development
_xHistory.
650 0 _aCity planning
_xHistory.
650 0 _aUrbanization
_xHistory.
650 7 _aARCHITECTURE / Urban & Land Use Planning.
650 7 _aARCHITECTURE / Methods & Materials.
942 _cBK